| 000 | 01195cam a22003377a 4500 | ||
|---|---|---|---|
| 003 | CHAP | ||
| 005 | 20220817044415.0 | ||
| 008 | 101206s2007 it ab rn 00010 eng d | ||
| 010 | _a100076 | ||
| 011 | _a101048 | ||
| 020 | _a9789251057407 | ||
| 035 | _a111734 | ||
| 040 | _cCHAP | ||
| 082 | 0 | 4 |
_a639.2096 _bF3y v.33/1 |
| 245 | 0 | 3 |
_aAfrican water resource database : _bGIS-based tools for inland aquatic resource management :concepts and application case studies _c/por Jeff Jenness ...[et al.] |
| 260 |
_aRome : _bFAO, _c2007 |
||
| 300 |
_axvii, 165 p. : _bilus., mapas, tablas |
||
| 590 |
_aBATCH-UPD _b10 _c20130110 _lUCH01 _h1416 |
||
| 590 |
_aBATCH-UPD _b10 _c20130410 _lUCH01 _h0900 |
||
| 590 |
_aBATCH-UPD _b10 _c20130914 _lUCH01 _h1113 |
||
| 590 |
_aCONVERSION _b10 _c20130109 _lUCH01 _h1355 |
||
| 650 | 1 | 4 |
_aCuencas hidrológicas. _930092 |
| 650 | 1 | 4 |
_aEspecies. _937790 |
| 650 | 1 | 4 |
_aPesca continental. _987434 |
| 650 | 1 | 4 |
_aRecursos hidráulicos _xAfrica. _995092 |
| 650 | 1 | 4 | _aSistemas de Información Geográfica. |
| 700 | 0 |
_aJenness, Jeff. _961337 |
|
| 901 | _aBK | ||
| 942 | _cLIBRO | ||
| 949 |
_a639.2096 F3y v.33/1 _bBC _cFAO _d33724002074611 _eFAO1 _gDonaciØn _h113877 _i111734 _sb |
||
| 999 |
_c100076 _d100076 |
||